[Event "Berkshire Berks & Bucks op-D"]
[Site "Berkshire"]
[Date "2023.08.27"]
[Round "3"]
[White "English, Andrew JP"]
[Black "Swiatkowski, Aram"]
[Result "0-1"]
[WhiteElo "1519"]
[BlackElo "1749"]
[PlyCount "68"]
[EventDate "2023.08.26"]
[EventType "swiss"]
[EventRounds "6"]
[EventCountry "ENG"]
[SourceTitle "EXT 2024"]
[Source "ChessBase"]
[SourceDate "2023.10.10"]
[SourceVersion "1"]
[SourceVersionDate "2023.10.10"]
[SourceQuality "1"]

1. c4 Nf6 2. g3 g6 3. Bg2 Bg7 4. Nc3 c6 5. Nf3 d5 6. cxd5 cxd5 7. d4 0-0 8. 0-0 Bg4 9. Qb3 b6 10. Re1 Nc6 11. Bg5 Bxf3 12. exf3 Nxd4 13. Qd1 h6 14. Be3 Nc6 15. Ne2 Rc8 16. Qd2 Kh7 17. Rac1 e5 18. h4 d4 19. f4 Qe8 20. fxe5 dxe3 21. Qxe3 Ng4 22. Qe4 Ncxe5 23. Rxc8 Qxc8 24. Nf4 Qc5 25. Rf1 Rd8 26. Nh3 h5 27. Ng5+ Kg8 28. Qf4 Bh6 29. Qe4 Bxg5 30. hxg5 Rd2 31. Qa8+ Kg7 32. Qe4 Nxf2 33. Qxe5+ Qxe5 34. Rxf2 Qe3 0-1

[Event "Berkshire Berks & Bucks op-D"]
[Site "Berkshire"]
[Date "2023.08.26"]
[Round "1"]
[White "O'Gorman, Brendan"]
[Black "English, Andrew JP"]
[Result "1-0"]
[WhiteElo "1739"]
[BlackElo "1519"]
[PlyCount "65"]
[EventDate "2023.08.26"]
[EventType "swiss"]
[EventRounds "6"]
[EventCountry "ENG"]
[SourceTitle "EXT 2024"]
[Source "ChessBase"]
[SourceDate "2023.10.10"]
[SourceVersion "1"]
[SourceVersionDate "2023.10.10"]
[SourceQuality "1"]

1. d4 Nf6 2. c4 g6 3. Nc3 Bg7 4. e4 d6 5. h3 0-0 6. Be3 e5 7. d5 a5 8. g4 Na6 9. Nge2 Nc5 10. Ng3 Bd7 11. Be2 a4 12. g5 Ne8 13. h4 f5 14. gxf6 Nxf6 15. h5 Kf7 16. Bg5 Rg8 17. Qd2 Qf8 18. 0-0-0 Nb3+ 19. axb3 axb3 20. hxg6+ hxg6 21. Qe3 Ke8 22. Kb1 Ng4 23. Bxg4 Bxg4 24. Rdf1 Qf3 25. Qxf3 Bxf3 26. Rh7 Kf7 27. Nce2 Rh8 28. Rxh8 Rxh8 29. Ng1 Bg4 30. f4 Kg8 31. f5 Rh2 32. fxg6 Rd2 33. Bxd2 1-0

[Event "Harrogate 4NCL op-C 29th"]
[Site "Harrogate"]
[Date "2023.01.21"]
[Round "3"]
[White "English, Andrew JP"]
[Black "Sweeney, Ryan"]
[Result "0-1"]
[WhiteElo "1544"]
[BlackElo "1261"]
[PlyCount "59"]
[EventDate "2023.01.20"]
[EventType "swiss"]
[EventRounds "5"]
[EventCountry "ENG"]
[SourceTitle "CBM 212 Extra"]
[Source "ChessBase"]
[SourceDate "2023.03.31"]
[SourceVersion "1"]
[SourceVersionDate "2023.03.31"]
[SourceQuality "1"]

1. c4 e6 2. Nc3 d5 3. cxd5 exd5 4. Nf3 Nf6 5. g3 c6 6. d4 Nbd7 7. Bg2 Bd6 8. 0-0 0-0 9. a3 a5 10. Bd2 Re8 11. Rb1 Nb6 12. Bg5 h6 13. Bxf6 Qxf6 14. Re1 Bf5 15. Rc1 Nc4 16. Qb3 Qe7 17. Nd2 Nxd2 18. Qa2 Ne4 19. Nxd5 cxd5 20. Qxd5 Qe6 21. Qb5 Bh3 22. Bh1 Nxf2 23. e4 Nxh1 24. Kxh1 Qf6 25. Qe2 Qxd4 26. Qh5 Rxe4 27. Qxh3 Rxe1+ 28. Rxe1 Qd5+ 29. Kg1 Bc5+ 30. Kf1 0-1

[Event "GBR-ch U1600 op 104th"]
[Site "Llandudno"]
[Date "2017.08.03"]
[Round "4"]
[White "English, Andrew Jp"]
[Black "Francis, Raymond N"]
[Result "1/2-1/2"]
[WhiteElo "102"]
[BlackElo "119"]
[PlyCount "47"]
[EventDate "2017.07.31"]
[EventType "swiss"]
[EventRounds "5"]
[EventCountry "WLS"]
[SourceTitle "EXT 2019"]
[Source "ChessBase"]
[SourceDate "2018.10.10"]
[SourceVersion "1"]
[SourceVersionDate "2018.10.10"]
[SourceQuality "1"]

1. c4 Nf6 2. g3 g6 3. Bg2 Bg7 4. Nc3 e6 5. Nf3 0-0 6. 0-0 d5 7. d3 c6 8. cxd5 exd5 9. e3 Nbd7 10. d4 Re8 11. Bd2 Ne4 12. Nxe4 dxe4 13. Ne1 Nf6 14. f3 exf3 15. Bxf3 Bh3 16. Bg2 Bxg2 17. Nxg2 Ne4 18. Rf3 Nxd2 19. Qxd2 Qd7 20. Qf2 Re7 21. Nf4 Rf8 22. Rd1 Qc8 23. Rd3 Bh6 24. Ra3 1/2-1/2